| 000 | 00629nam a2200193 a 4500 | ||
|---|---|---|---|
| 005 | 20140311163039.0 | ||
| 008 | 110926s19uu xx 00 eng d | ||
| 020 | _a9780521747813 | ||
| 050 |
_aQC 903 _b.R53 2010 |
||
| 100 | _aRichter, Burton | ||
| 245 |
_aBeyond Smoke and Mirrors : _bClimate Change and Energy in the 21st Century / _cBurton Richter. |
||
| 260 |
_aCambridge : _bCambridge University Press, _c2010. |
||
| 300 |
_a224 p. : _c21 cm. |
||
| 500 | _aIncludes index. | ||
| 650 |
_aClimate changes - _xForecasting. |
||
| 650 |
_aRenewable energy sources - _xForecasting. |
||
| 942 |
_cBK _2lcc _kFOR |
||
| 999 |
_c39720 _d39720 |
||